00615nas a2200241 4500000000100000008004100001260001300042653002300055653002200078653001100100653001300111653001200124653002500136100001200161700001300173700001300186245005200199856005900251300001000310490000700320050003200327022001400359 2001 d c2001 Dec10aDatabases, Genetic10aGenome, Bacterial10aHumans10aInternet10aleprosy10aMycobacterium leprae1 aJones L1 aMoszer I1 aCole S T00aLeproma: a Mycobacterium leprae genome browser. uhttp://leprev.ilsl.br/pdfs/2001/v72n4/pdf/v72n4a10.pdf a470-70 v72 aInfolep Library - available a0305-7518